| 000 | 00630nam a2200205Ia 4500 | ||
|---|---|---|---|
| 001 | 8009 | ||
| 003 | GE_BSU | ||
| 008 | 181216s||||||||xx |||||||||||||| ||und|| | ||
| 040 | _cGE_BSU | ||
| 080 | _a628.1(035.3) | ||
| 100 | _aКожинов,В.Ф. Конюшков,А.М. | ||
| 245 | _aСправочник по водопроводу и канализации. | ||
| 245 | _cРед.С.А.Эйлер. | ||
| 260 | _aМ. | ||
| 260 | _bСтройиздат. | ||
| 260 | _c1947. | ||
| 300 | _a406 стр .с илл. 22 см. | ||
| 653 | _aСправочник по водопроводу и канализации. | ||
| 942 | _cBK | ||
| 999 |
_c41351 _d41351 |
||